000 00920cam a2200301 a 4500
999 _c8724
_d8724
001 8724
003 BD-JhCC
005 20180301175301.0
008 061211s2008 mau b 001 0 eng
020 _a9781413029499 (pbk.)
020 _a1413029493 (pbk.)
035 _a(BD-JhCC)8724
040 _aDLC
_cDLC
_dDLC
_dBD-JhCC
041 _aeng
050 0 0 _aPE1408
_b.T96 2008
082 0 0 _a808/.042
_222
_bTYN 2008
100 1 _aTyner, Thomas E.,
_d1944-
245 1 0 _aWriting voyage :
_ba process approach to basic writing /
_cThomas E. Tyner.
250 _a8th ed.
260 _aBoston :
_bThomson/Wadsworth,
_cc2008.
300 _axviii, 263 p. ;
_c24 cm.
504 _aIncludes bibliographical references (p. 257-258) and index.
650 0 _aEnglish language
_xRhetoric.
650 0 _aEnglish language
_xGrammar
_vProblems, exercises, etc.
650 0 _aReport writing.
942 _2ddc
_cBK